Steve’s Lava Chicken - Lyrics - Statistics

General Stats
  • This quiz has been taken 577 times
  • The average score is 26 of 32
Answer Stats
Verse % Correct
La-la-la-lava
100%
Chicken,
99%
Lava
99%
lava
99%
ch-ch-ch-chicken
98%
a
94%
a
94%
Steve's
94%
hell
89%
it's
88%
it's
88%
as
87%
tasty
87%
the
82%
bell
81%
ringin'
80%
yeah,
79%
attack
77%
mamacita,
77%
now
74%
now
74%
you're
73%
you're
73%
Ooh,
71%
Ooh,
71%
and
69%
snack
66%
spicy,
66%
Crispy
65%
juicy,
65%
havin'
63%
super
58%
No matching quizzes found
Score Distribution
Percent of People with Each Score
Percentile by Number Answered
Your Score History
You have not taken this quiz